Management challenges for the 21st century

Сохранить в:
Библиографические подробности
Главный автор: Drucker, Peter F.
Формат:
Опубликовано: Oxford : Butterworth Heinemann, c2002
Предметы:
Метки: Добавить метку
Нет меток, Требуется 1-ая метка записи!

MARC

LEADER 00000nam a2200000 4500
020 |a 075065712X 
040 |a MUL  |b eng.  |e AACR 
082 |a 658.406 DRU 
100 |a Drucker, Peter F. 
245 |a Management challenges for the 21st century  |c / Peter F. Drucker 
260 |a Oxford :  |b Butterworth Heinemann,  |c c2002 
300 |a xii, 205 p. :  |c 25 cm. 
504 |a Includes index 
546 |a eng. 
650 |a Business management 
942 |c BK 
999 |c 5579  |d 5579